000 00818cab a2200229 4500
001 WB3445-40
008 090401t1998 xxu||||| |||| 00| 0 eng d
035 _a(Sirsi) u89966
041 _aeng
245 _aTeleworking
260 _c1998
350 _a0
490 _aFinancial Times
_v26 November 1998, A11(2)
520 _aBusinesses who face irregular work patterns could benefit from introducing a flexible working scheme. This could be in the form of teleworking, employing extra staff at peak times only or introducing `granny creches`. Notes BT`s working from home website http://www.wfh.co.uk
650 _aANNUAL HOURS SCHEME
650 _aGRANNY CRECHES
650 _aHOME WORKING
650 _aTELEWORKING
690 _aOFFICE SERVICES AND ADMINISTRATION
942 _n0
948 _c26/11/1998
999 _c56963
_d56963